Compendio estadístico del gasto educativo, 1992.

Gardado en:
Detalles Bibliográficos
Autor Corporativo: México. Presidencia de la República Secretaría de Educación Pública
Formato: Libro
Idioma:Lingua castelá
Temas:
Etiquetas: Engadir etiqueta
Sen Etiquetas, Sexa o primeiro en etiquetar este rexistro!

MARC

LEADER 00000cam^a2200000uu^4500
001 000473275
005 20250521000000.0
008 050901s1992^^^^^^^^^^^^rd^r^^000^0^spa^d
009 20260310124710.813
022 |a 9682947383 
035 |a FCE 000016111 
035 |a FCE 011989 
037 |a Acervo ITESO - Biblioteca 
041 |a spa 
082 0 4 |a 379.10212  |b SEP-MEX COM 1992 
110 |a México. Presidencia de la República  |b Secretaría de Educación Pública 
245 1 0 |a Compendio estadístico del gasto educativo, 1992. 
264 |a México :  |b SEP,  |c 1992. 
300 |a 192 p. 
336 |a texto  |b txt  |2 rdacontenido 
337 |a sin mediación  |b n  |2 rdamedio 
338 |a volumen  |b nc  |2 rdasoporte 
649 |a XX 
650 |a Estadísticas educativas 
650 |a Gasto educativo 
650 |a Gasto público 
910 |a Fondo Centro de Estudios Educativos 
920 |a Impresos - Libros 
930 |a Fondos Especiales 
905 |a 133 
901 |a ALE011989  |b IT2  |c CEE  |u 20250521 
901 |a ALE044554  |b IT2  |c CEE  |u 20250521 
902 |a https://opac.biblio.iteso.mx/vufind/Record/000473275